Libertad de elegir /
Guardado en:
| Autor Principal: | |
|---|---|
| Formato: | Libro |
| Publicado: |
España :
Hyspamerica,
1983
|
| Materias: | |
| Etiquetas: |
Agregar Etiqueta
Sin Etiquetas, Sea el primero en etiquetar este registro!
|
| LEADER | 00678nam a22001935a 4500 | ||
|---|---|---|---|
| 001 | CEM.cems002629 | ||
| 005 | 19000101000000.0 | ||
| 008 | 130507s1983##################000#0#####d | ||
| 003 | CEMS | ||
| 082 | 0 | 4 | |a 338.9 |
| 100 | 1 | |a Friedman, Milton | |
| 245 | 1 | 0 | |a Libertad de elegir / |
| 260 | |a España : |b Hyspamerica, |c 1983 | ||
| 300 | |a 436 p. | ||
| 505 | 0 | |a Fundamentos de una geografia industrial; Las industrias noroccidentales y sus transformaciones; Los paises, emulos de Europa; Industrializacion e industrias de la URSS y de las democracias populares | |
| 653 | |a Economia | ||
| 653 | |a Inflacion | ||
| 653 | |a Mercado | ||
| 859 | |a CEMS |b BIB. CEMS - 11 de abril |h 338.9 |i F914 |p 12684.83 |t Ej.1 | ||
